000 00304nam a22001457a 4500
008 231025b ||||| |||| 00| 0 eng d
020 _a0521309492
041 _aeng
080 _a101
082 _a101DYS
100 _a44
101 _aFOLOZ
245 _aORIGINS OF LIFE
_cDYSON.F
942 _2udc
_cBK
999 _c60469
_d60469